[Event "10th Edmonton International Qualifier"]
[Site "Edmonton"]
[Date "2015.05.02"]
[Round "2.5"]
[White "Miller, David"]
[Black "Young, Joseph"]
[Result "1-0"]
[WhiteElo "2204"]
[BlackElo "1867"]
[PlyCount "41"]
[EventDate "2015.05.02"]
[EventType "swiss"]
[EventRounds "5"]
[EventCountry "CAN"]

1. e4 e6 2. d4 Nf6 3. e5 Nd5 4. c4 Bb4+ 5. Bd2 Bxd2+ 6. Qxd2 Ne7 7. Nc3 c6 8.
Ne4 O-O 9. Nf3 Nf5 10. c5 b6 11. h4 bxc5 12. dxc5 Ba6 13. g4 Bxf1 14. Kxf1 Nh6
15. Rg1 Qc8 16. Nf6+ Kh8 17. h5 Qa6+ 18. Kg2 Ng8 19. h6 gxf6 20. exf6 Nxf6 21.
Qd4 1-0

[Event "10th Edmonton International Qualifier"]
[Site "Edmonton"]
[Date "2015.05.02"]
[Round "2.6"]
[White "Zeggelaar, Mike"]
[Black "Smith, Mark"]
[Result "0-1"]
[WhiteElo "1892"]
[BlackElo "2166"]
[PlyCount "88"]
[EventDate "2015.05.02"]
[EventType "swiss"]
[EventRounds "5"]
[EventCountry "CAN"]

1. e4 c6 2. d4 d5 3. Nc3 dxe4 4. Nxe4 Nf6 5. Nxf6+ exf6 6. Nf3 Bd6 7. Bd3 Qe7+
8. Be3 Bf4 9. Qe2 Bxe3 10. fxe3 Bg4 11. O-O-O Nd7 12. e4 O-O 13. h3 Bxf3 14.
gxf3 Rfd8 15. Rhg1 Kh8 16. Rg2 b5 17. Rdg1 Rg8 18. f4 g6 19. Qf3 Nb6 20. f5
Rad8 21. fxg6 fxg6 22. c3 b4 23. Bc2 bxc3 24. Qxc3 Rgf8 25. Qe3 Qg7 26. h4 Nc4
27. Qd3 Ne5 28. Qe3 Nc4 29. Qd3 Qh6+ 30. Kb1 Nb6 31. Rg4 Qh5 32. Bd1 Qb5 33.
Qc3 Qc4 34. Qxc4 Nxc4 35. b3 Na3+ 36. Kb2 Nb5 37. e5 Rxd4 38. exf6 Rxf6 39.
Rxd4 Rf2+ 40. Kb1 Nxd4 41. h5 Kg7 42. hxg6 hxg6 43. Rg4 Nb5 44. Rb4 Nc3+ 0-1

[Event "10th Edmonton International Qualifier"]
[Site "Edmonton"]
[Date "2015.05.02"]
[Round "2.9"]
[White "Taranik, Alexey"]
[Black "Mo, Michelle"]
[Result "0-1"]
[WhiteElo "1855"]
[BlackElo "1399"]
[PlyCount "77"]
[EventDate "2015.05.02"]
[EventType "swiss"]
[EventRounds "5"]
[EventCountry "CAN"]

1. c4 c5 2. g3 e6 3. Bg2 d5 4. Nf3 Nc6 5. O-O Nf6 6. b3 Be7 7. Bb2 O-O 8. d3 b6
9. cxd5 exd5 10. d4 Be6 11. Nc3 Rc8 12. e3 Qd7 13. Rc1 Rfd8 14. Qd2 cxd4 15.
Nxd4 Nxd4 16. Qxd4 Bh3 17. Rfd1 Qf5 18. Ne2 Bc5 19. Qd3 Qxd3 20. Rxd3 Bxg2 21.
Kxg2 h6 22. Bxf6 gxf6 23. Rcd1 Be7 24. Nf4 d4 25. exd4 Rc2 26. R1d2 Rxd2 27.
Rxd2 Bc5 28. d5 Bd6 29. Kf3 Re8 30. Ng2 Kg7 31. Nh4 Kh7 32. Nf5 Bb4 33. Rd3 Kg6
34. Nd4 a6 35. a4 Kg5 36. h4+ Kg6 37. Re3 Re5 38. Rxe5 fxe5 39. g4 0-1

[Event "10th Edmonton International Qualifier"]
[Site "Edmonton"]
[Date "2015.05.02"]
[Round "2.10"]
[White "Yao, David"]
[Black "Superceanu, Bogdan"]
[Result "1-0"]
[WhiteElo "1591"]
[BlackElo "1785"]
[PlyCount "86"]
[EventDate "2015.05.02"]
[EventType "swiss"]
[EventRounds "5"]
[EventCountry "CAN"]

1. e4 c5 2. Nf3 Nc6 3. Bb5 g6 4. Bxc6 bxc6 5. d3 Bg7 6. c3 Qb6 7. Qc2 Rb8 8.
Nbd2 d5 9. h3 Nf6 10. O-O O-O 11. e5 Nd7 12. d4 cxd4 13. cxd4 c5 14. dxc5 Qxc5
15. Qxc5 Nxc5 16. Nb3 Nd3 17. Rd1 Ba6 18. Be3 Nxe5 19. Nxe5 Bxe5 20. Bxa7 Ra8
21. Bd4 Bd6 22. Bc5 Rfd8 23. Bxd6 Rxd6 24. Nc5 e6 25. Nxa6 Rdxa6 26. a3 Rb6 27.
b4 Kf8 28. Kf1 Ke7 29. Ke2 Rba6 30. Rd3 Kd6 31. Rb3 e5 32. Kd3 e4+ 33. Kd4 Rc6
34. Rc3 Rac8 35. Rac1 f5 36. Rxc6+ Rxc6 37. Rxc6+ Kxc6 38. a4 f4 39. Kc3 g5 40.
a5 h5 41. a6 g4 42. b5+ Kb6 43. hxg4 hxg4 1-0

[Event "10th Edmonton International Qualifier"]
[Site "Edmonton"]
[Date "2015.05.02"]
[Round "2.11"]
[White "Macdonald, Dean"]
[Black "Hughey, Leah"]
[Result "0-1"]
[WhiteElo "1428"]
[BlackElo "1700"]
[PlyCount "90"]
[EventDate "2015.05.02"]
[EventType "swiss"]
[EventRounds "5"]
[EventCountry "CAN"]

1. d4 Nf6 2. Nf3 e6 3. g3 c5 4. Bg2 Nc6 5. e3 d5 6. c4 dxc4 7. O-O cxd4 8. exd4
Rb8 9. a3 Bd6 10. Nc3 a6 11. d5 Na5 12. Re1 O-O 13. Be3 Nb3 14. Ra2 b5 15. Nd4
Nxd4 16. Bxd4 exd5 17. Nxd5 Nxd5 18. Bxd5 Qc7 19. Be4 Bb7 20. Qg4 f6 21. Rd1
Be5 22. Qf5 g6 23. Qe6+ Qf7 24. Qxf7+ Rxf7 25. Bxe5 fxe5 26. Bd5 Bxd5 27. Rxd5
Rbf8 28. Rd2 Rf3 29. Ra1 Rd3 30. Re2 Rdf3 31. Rf1 c3 32. bxc3 Rxc3 33. Ra1 Rff3
34. Rea2 Kf7 35. Kg2 Ke6 36. Rc2 Rxg3+ 37. hxg3 Rxc2 38. a4 b4 39. Kf3 a5 40.
Ke3 Rc3+ 41. Kd2 Ra3 42. Rxa3 bxa3 43. Kc2 Kd5 44. Kb3 a2 45. Kxa2 Kc4 0-1

[Event "10th Edmonton International Qualifier"]
[Site "Edmonton"]
[Date "2015.05.02"]
[Round "2.12"]
[White "Koperski, Dustin"]
[Black "Taranik, Nikita"]
[Result "1-0"]
[WhiteElo "1637"]
[BlackElo "1029"]
[PlyCount "79"]
[EventDate "2015.05.02"]
[EventType "swiss"]
[EventRounds "5"]
[EventCountry "CAN"]

1. e4 e5 2. Nf3 Nc6 3. Bc4 Bc5 4. b4 Nxb4 5. c3 Nc6 6. d4 Bb6 7. d5 Na5 8. Nxe5
Bxf2+ 9. Kxf2 Qf6+ 10. Nf3 Nxc4 11. Bg5 Qb6+ 12. Qd4 Qb2+ 13. Nbd2 Nxd2 14.
Nxd2 Nf6 15. Rhb1 Qa3 16. Bxf6 gxf6 17. Qxf6 Qc5+ 18. Qd4 Qxd4+ 19. cxd4 c6 20.
d6 b5 21. a4 Rb8 22. axb5 cxb5 23. Rxa7 O-O 24. Ra5 f5 25. e5 Rb6 26. Raxb5 Rc6
27. Rc5 Ba6 28. Rxc6 dxc6 29. Rb6 Bb5 30. d5 Rc8 31. d7 Rd8 32. dxc6 Bxc6 33.
Rxc6 Rxd7 34. Nf3 Re7 35. Ke3 Kf7 36. Kf4 Rb7 37. Kxf5 Rb2 38. Rc7+ Kf8 39. Kf6
Rb6+ 40. e6 1-0

[Event "10th Edmonton International Qualifier"]
[Site "Edmonton"]
[Date "2015.05.02"]
[Round "2.13"]
[White "Superceanu, Andi"]
[Black "Kadavil, Suresh"]
[Result "1-0"]
[WhiteElo "1305"]
[BlackElo "1623"]
[PlyCount "129"]
[EventDate "2015.05.02"]
[EventType "swiss"]
[EventRounds "5"]
[EventCountry "CAN"]

1. e4 b6 2. d4 Bb7 3. Nc3 e6 4. Bf4 Bb4 5. Bd3 Nf6 6. Nge2 Nxe4 7. O-O Nxc3 8.
bxc3 Be7 9. Ng3 g5 10. Be3 Nc6 11. Re1 d5 12. Qh5 h6 13. Bd2 Qd7 14. c4 Nb4 15.
cxd5 Nxd5 16. Ne4 Nf4 17. Bxf4 gxf4 18. Qe5 O-O-O 19. Qxf4 f5 20. Ng3 Bd6 21.
Qd2 Rdg8 22. Bc4 Bd5 23. Bxd5 exd5 24. Qd3 f4 25. Nf5 h5 26. Nxd6+ Qxd6 27.
Qf5+ Kb8 28. Re6 Qd8 29. Qxf4 Rf8 30. Qe3 Qh4 31. Rf1 Rhg8 32. h3 Qg5 33. Qxg5
Rxg5 34. Re5 Rfg8 35. Rxg5 Rxg5 36. Re1 Kb7 37. Re5 Rg6 38. Rxh5 Rc6 39. f4
Rxc2 40. f5 Rc1+ 41. Kh2 c5 42. dxc5 bxc5 43. f6 Rf1 44. Rxd5 Kc6 45. Rd2 Rxf6
46. g4 c4 47. g5 Rg6 48. h4 Kb5 49. Kg3 c3 50. a4+ Kc4 51. Rh2 Kb3 52. Kg4 c2
53. Rh1 Rc6 54. Kf5 Kc4 55. h5 Rc5+ 56. Kg6 Rc6+ 57. Kh7 Rc7+ 58. Kh6 Kd5 59.
g6 c1=Q+ 60. Rxc1 Rxc1 61. Kh7 Rg1 62. g7 Ke5 63. g8=Q Rxg8 64. Kxg8 Kf6 65. h6
1-0

[Event "10th Edmonton International Qualifier"]
[Site "Edmonton"]
[Date "2015.05.02"]
[Round "3.1"]
[White "Haynes, Nicolas"]
[Black "Nguyen, Kim"]
[Result "1-0"]
[WhiteElo "2277"]
[BlackElo "2212"]
[PlyCount "117"]
[EventDate "2015.05.02"]
[EventType "swiss"]
[EventRounds "5"]
[EventCountry "CAN"]

1. d4 Nf6 2. Bg5 d5 3. Bxf6 exf6 4. e3 Bd6 5. g3 c6 6. Bg2 Bf5 7. Nd2 Qb6 8.
Qc1 Qa6 9. Ngf3 h6 10. Nh4 Bh7 11. Bf1 Qa5 12. a3 O-O 13. Bd3 Bxd3 14. cxd3 Re8
15. O-O Bf8 16. b4 Qb5 17. Qc2 a5 18. bxa5 Qxa5 19. a4 Qd8 20. Rfb1 b6 21. Qb3
Ra6 22. Nhf3 Re7 23. a5 b5 24. Qc3 Rea7 25. Nb3 Bd6 26. Ra2 Nd7 27. Kg2 Qe7 28.
Rba1 f5 29. h4 g6 30. Kg1 Qf6 31. Rc1 Qe7 32. Rca1 Ra8 33. Rc1 f6 34. Nc5 Bxc5
35. dxc5 Ne5 36. Nd4 h5 37. Rd1 Kg7 38. Kg2 Kf7 39. Nc2 Qc7 40. Rda1 g5 41.
hxg5 fxg5 42. Nb4 R6a7 43. a6 h4 44. Rh1 Qe7 45. Qd4 Rg8 46. Re2 Rg6 47. Kf1
Rh6 48. gxh4 gxh4 49. Qf4 Qf6 50. d4 Nd7 51. f3 Ra8 52. Qc7 Qe6 53. a7 Kf8 54.
Qb7 Qe8 55. Na6 Rh7 56. Nc7 Nf6 57. Qxa8 Qxa8 58. Nxa8 Rxa7 59. Nb6 1-0

[Event "10th Edmonton International Qualifier"]
[Site "Edmonton"]
[Date "2015.05.02"]
[Round "3.2"]
[White "Rekhson, Vladislav"]
[Black "Miller, David"]
[Result "1/2-1/2"]
[WhiteElo "2215"]
[BlackElo "2204"]
[PlyCount "103"]
[EventDate "2015.05.02"]
[EventType "swiss"]
[EventRounds "5"]
[EventCountry "CAN"]

1. e4 c5 2. Nf3 d6 3. d4 Nf6 4. Nc3 cxd4 5. Nxd4 a6 6. g3 e5 7. Nde2 b5 8. a3
Bb7 9. Bg2 Be7 10. h3 h5 11. Bg5 Nbd7 12. Qd2 Qc7 13. Rd1 Rc8 14. O-O O-O 15.
g4 hxg4 16. Ng3 Nb6 17. Qe2 Nc4 18. Bxf6 Bxf6 19. Qxg4 g6 20. Nd5 Bxd5 21. Rxd5
Nxb2 22. Nf5 Bg7 23. Ne3 Na4 24. h4 Nb6 25. Rd3 Nd7 26. Qd1 Nf6 27. Rxd6 Rfd8
28. Rxd8+ Qxd8 29. Qxd8+ Rxd8 30. c4 bxc4 31. Nxc4 Nxe4 32. Nxe5 Bxe5 33. Bxe4
Rd4 34. Re1 Bd6 35. Re3 Ra4 36. Bd5 Rxa3 37. Rxa3 Bxa3 38. Kg2 Kg7 39. Kg3 Bc1
40. h5 g5 41. Kg4 f6 42. f3 a5 43. Bb3 Bf4 44. Bc2 Kh6 45. Bb3 f5+ 46. Kxf5
Kxh5 47. Ke4 Kh4 48. Kd3 Kg3 49. Bd5 a4 50. Kc2 a3 51. Kb3 Bd6 52. Ka2 1/2-1/2

[Event "10th Edmonton International Qualifier"]
[Site "Edmonton"]
[Date "2015.05.02"]
[Round "3.3"]
[White "Pfeffer, Gerald"]
[Black "Smith, Mark"]
[Result "1/2-1/2"]
[WhiteElo "1627"]
[BlackElo "2166"]
[PlyCount "125"]
[EventDate "2015.05.02"]
[EventType "swiss"]
[EventRounds "5"]
[EventCountry "CAN"]

1. e4 c6 2. d4 d5 3. Nc3 dxe4 4. Nxe4 Nf6 5. Ng3 Bg4 6. Be2 Bxe2 7. N1xe2 e6 8.
Bg5 Qa5+ 9. Qd2 Qxd2+ 10. Bxd2 Bd6 11. Bf4 Bxf4 12. Nxf4 a5 13. O-O b5 14. Rfe1
O-O 15. Ne4 Nbd7 16. Nxf6+ Nxf6 17. Nd3 Rfd8 18. c3 Rd5 19. Re5 Nd7 20. Rxd5
cxd5 21. h3 Kf8 22. f4 Ke7 23. Re1 Kd6 24. g4 f6 25. Kg2 Re8 26. h4 e5 27.
fxe5+ fxe5 28. dxe5+ Nxe5 29. Nxe5 Rxe5 30. Rf1 Re2+ 31. Rf2 Re7 32. Rf4 Re4
33. Kf3 Re1 34. Kg3 Rg1+ 35. Kf3 Rb1 36. Ke3 Ke6 37. Rf2 b4 38. Kd4 Re1 39. Kd3
Re4 40. Re2 bxc3 41. bxc3 Rxe2 42. Kxe2 Kd6 43. Kd3 a4 44. c4 Kc5 45. cxd5 Kxd5
46. a3 g6 47. Kc3 h5 48. gxh5 gxh5 49. Kb4 Kd4 50. Kxa4 Kc4 51. Ka5 Kc5 52. Ka6
Kc6 53. a4 Kc5 54. Kb7 Kb4 55. Kc6 Kxa4 56. Kd5 Kb5 57. Ke5 Kc5 58. Kf5 Kd5 59.
Kg5 Ke5 60. Kxh5 Kf5 61. Kh6 Kf6 62. Kh7 Kf7 63. h5 1/2-1/2

[Event "10th Edmonton International Qualifier"]
[Site "Edmonton"]
[Date "2015.05.02"]
[Round "3.5"]
[White "Zeggelaar, Mike"]
[Black "Cheng, Louis"]
[Result "1/2-1/2"]
[WhiteElo "1892"]
[BlackElo "2146"]
[PlyCount "35"]
[EventDate "2015.05.02"]
[EventType "swiss"]
[EventRounds "5"]
[EventCountry "CAN"]

1. e4 c5 2. Nf3 Nc6 3. d4 cxd4 4. Nxd4 Nf6 5. Nc3 d6 6. Bc4 e6 7. Bb3 Be7 8.
O-O O-O 9. Kh1 Qa5 10. Be3 Nxd4 11. Bxd4 b5 12. a3 Rd8 13. Qd3 a6 14. Ne2 Bb7
15. Qe3 Ng4 16. Qg3 Nf6 17. Qe3 Ng4 18. Qg3 1/2-1/2

[Event "10th Edmonton International Qualifier"]
[Site "Edmonton"]
[Date "2015.05.02"]
[Round "3.6"]
[White "Thiel, Rodney"]
[Black "Yao, David"]
[Result "1/2-1/2"]
[WhiteElo "2009"]
[BlackElo "1591"]
[PlyCount "66"]
[EventDate "2015.05.02"]
[EventType "swiss"]
[EventRounds "5"]
[EventCountry "CAN"]

1. d4 Nf6 2. c4 d6 3. Nc3 e5 4. dxe5 dxe5 5. Qxd8+ Kxd8 6. Nf3 Nc6 7. Bg5 Bb4
8. O-O-O+ Bd7 9. Nd5 Be7 10. Nxe7 Kxe7 11. e3 Rad8 12. Be2 h6 13. Bh4 g5 14.
Bg3 Ne4 15. Nxe5 Nxg3 16. Nxc6+ Bxc6 17. hxg3 Bxg2 18. Rxd8 Kxd8 19. Rd1+ Ke7
20. f3 Bh3 21. g4 h5 22. Rh1 hxg4 23. fxg4 Rh4 24. Bf3 b6 25. e4 Kd6 26. Kd2
Ke5 27. Ke3 c6 28. b3 c5 29. Rd1 Bxg4 30. Rg1 Bxf3 31. Rxg5+ Ke6 32. Kxf3 Rh2
33. Rg2 Rxg2 1/2-1/2

[Event "10th Edmonton International Qualifier"]
[Site "Edmonton"]
[Date "2015.05.02"]
[Round "3.7"]
[White "Kadavil, Suresh"]
[Black "Morrick, James"]
[Result "1-0"]
[WhiteElo "1623"]
[BlackElo "1515"]
[PlyCount "99"]
[EventDate "2015.05.02"]
[EventType "swiss"]
[EventRounds "5"]
[EventCountry "CAN"]

1. b3 e5 2. Bb2 d6 3. e3 Nc6 4. Bb5 Bd7 5. Ne2 a6 6. Bd3 Qg5 7. Ng3 Nf6 8. h4
Qh6 9. Nc3 d5 10. Nf5 Bxf5 11. Bxf5 g6 12. Bh3 Bd6 13. g4 Qxh4 14. Bg2 Qxg4 15.
Qxg4 Nxg4 16. Nxd5 O-O-O 17. f3 f5 18. fxg4 fxg4 19. O-O-O h5 20. Nf6 g3 21.
Ne4 h4 22. Rh3 Rdf8 23. Nxg3 hxg3 24. Rxg3 Ne7 25. Be4 Kb8 26. Rdg1 Rhg8 27. c4
Rf2 28. Kc2 Rd8 29. Bc3 Nf5 30. Rf3 Rxf3 31. Bxf3 Nh4 32. Be4 Rg8 33. Rg4 g5
34. d3 c6 35. Be1 Rf8 36. Rxg5 Nf3 37. Bxf3 Rxf3 38. e4 Rf1 39. Bg3 Rg1 40. Bh4
Rxg5 41. Bxg5 c5 42. Kd2 Kc7 43. Ke3 Kc6 44. Kf3 b5 45. Kg4 Kb6 46. Kf5 Ka5 47.
Bf6 Kb4 48. Bxe5 Bxe5 49. Kxe5 bxc4 50. bxc4 1-0

[Event "10th Edmonton International Qualifier"]
[Site "Edmonton"]
[Date "2015.05.03"]
[Round "4.1"]
[White "Miller, David"]
[Black "Haynes, Nicolas"]
[Result "0-1"]
[WhiteElo "2204"]
[BlackElo "2277"]
[PlyCount "78"]
[EventDate "2015.05.02"]
[EventType "swiss"]
[EventRounds "5"]
[EventCountry "CAN"]

1. e4 d5 2. exd5 Qxd5 3. Nc3 Qd6 4. d4 Nf6 5. Nf3 g6 6. Be2 Bg7 7. Nb5 Qb6 8.
c4 c6 9. c5 Qd8 10. Nc3 O-O 11. O-O Bg4 12. Qb3 Qc7 13. Re1 Nbd7 14. h3 Bxf3
15. Bxf3 e5 16. dxe5 Nxc5 17. Qc4 Nfd7 18. Be3 Ne6 19. Qb3 Nxe5 20. Be2 Rfd8
21. Red1 b6 22. Rac1 Qe7 23. Ne4 c5 24. Qa4 Rac8 25. Ba6 Rb8 26. Kh1 Qc7 27. b4
Rxd1+ 28. Rxd1 cxb4 29. f4 b5 30. Bxb5 Nc4 31. Rc1 Nb2 32. Qxb4 Nd3 33. Bxd3
Qxc1+ 34. Bxc1 Rxb4 35. Be3 Ra4 36. Bb1 Bd4 37. Bd2 Kg7 38. g3 Ra6 39. Nc3 Rb6
0-1

[Event "10th Edmonton International Qualifier"]
[Site "Edmonton"]
[Date "2015.05.03"]
[Round "4.2"]
[White "Smith, Mark"]
[Black "Gardner, Robert"]
[Result "0-1"]
[WhiteElo "2166"]
[BlackElo "2239"]
[PlyCount "60"]
[EventDate "2015.05.02"]
[EventType "swiss"]
[EventRounds "5"]
[EventCountry "CAN"]

1. e4 g6 2. Nf3 Bg7 3. d3 c6 4. Nbd2 d5 5. g3 e5 6. Bg2 Ne7 7. O-O O-O 8. Re1
Qc7 9. b3 f5 10. Bb2 fxe4 11. dxe4 d4 12. h3 h6 13. a4 Be6 14. Qe2 Nd7 15. Ba3
c5 16. Kh2 g5 17. Ng1 Ng6 18. Bf3 Nf6 19. Nc4 Rf7 20. Rf1 Raf8 21. Bc1 Qd7 22.
Bd2 b6 23. Rad1 Kh7 24. Bc1 Ne8 25. Bg4 Bxc4 26. bxc4 Qxa4 27. Nf3 Nd6 28.
Nxg5+ hxg5 29. Bf5 Nxf5 30. exf5 Rxf5 0-1

[Event "10th Edmonton International Qualifier"]
[Site "Edmonton"]
[Date "2015.05.03"]
[Round "4.3"]
[White "Ng, Gary"]
[Black "Rekhson, Vladislav"]
[Result "1-0"]
[WhiteElo "2319"]
[BlackElo "2215"]
[PlyCount "57"]
[EventDate "2015.05.02"]
[EventType "swiss"]
[EventRounds "5"]
[EventCountry "CAN"]

1. b4 d5 2. Bb2 Qd6 3. a3 e5 4. Nf3 f6 5. e3 Be6 6. d4 e4 7. Nfd2 Nd7 8. c4 c6
9. Nc3 f5 10. cxd5 Bxd5 11. g4 g6 12. gxf5 gxf5 13. Nc4 Qe6 14. Nxd5 cxd5 15.
Ne5 Nxe5 16. dxe5 Ne7 17. Rg1 Rg8 18. Bb5+ Nc6 19. Rxg8 Qxg8 20. Qa4 Qg6 21.
Rc1 f4 22. Bxc6+ bxc6 23. Qxc6+ Qxc6 24. Rxc6 f3 25. Rc7 a5 26. b5 a4 27. b6
Kd8 28. e6 Bd6 29. Rd7+ 1-0

[Event "10th Edmonton International Qualifier"]
[Site "Edmonton"]
[Date "2015.05.03"]
[Round "4.4"]
[White "Nguyen, Kim"]
[Black "Pfeffer, Gerald"]
[Result "1-0"]
[WhiteElo "2212"]
[BlackElo "1627"]
[PlyCount "91"]
[EventDate "2015.05.02"]
[EventType "swiss"]
[EventRounds "5"]
[EventCountry "CAN"]

1. e4 e5 2. Nf3 Nc6 3. Bb5 a6 4. Ba4 Nf6 5. O-O d6 6. d4 b5 7. dxe5 Nxe5 8.
Nxe5 dxe5 9. Qxd8+ Kxd8 10. Bb3 Ke8 11. a4 Bb7 12. f3 Bc5+ 13. Kh1 Ke7 14. c3
Rhe8 15. Na3 c6 16. Nc2 Kf8 17. Be3 Bxe3 18. Nxe3 c5 19. c4 b4 20. Nd5 Rad8 21.
a5 Rd6 22. Kg1 Red8 23. Rfd1 Nd7 24. g3 Nb8 25. Rf1 Nc6 26. Rf2 Nd4 27. Ba4
Bxd5 28. exd5 Kg8 29. Re1 f6 30. Re3 Kf7 31. f4 exf4 32. Rxf4 Kf8 33. g4 h6 34.
h4 Kg8 35. Kg2 Rf8 36. Be8 g5 37. Rf1 f5 38. hxg5 hxg5 39. Re5 Rdf6 40. Bd7
fxg4 41. Rxf6 Rxf6 42. Rxg5+ Kf7 43. Bxg4 Rg6 44. Bh5 Ne2 45. Kf3 Nd4+ 46. Ke4
1-0

[Event "10th Edmonton International Qualifier"]
[Site "Edmonton"]
[Date "2015.05.03"]
[Round "4.5"]
[White "Cheng, Louis"]
[Black "Young, Joseph"]
[Result "1-0"]
[WhiteElo "2146"]
[BlackElo "1867"]
[PlyCount "59"]
[EventDate "2015.05.02"]
[EventType "swiss"]
[EventRounds "5"]
[EventCountry "CAN"]

1. e4 g6 2. d4 Bg7 3. f4 c5 4. d5 d6 5. Bb5+ Bd7 6. a4 Qb6 7. Qd3 Nh6 8. Na3 a6
9. Nc4 Qc7 10. Bxd7+ Nxd7 11. Nf3 O-O 12. a5 b5 13. axb6 Nxb6 14. O-O Rfb8 15.
c3 Nxc4 16. Qxc4 Qb6 17. e5 Qb5 18. Qe4 c4 19. Kh1 a5 20. Nd4 Qb6 21. Nc6 Re8
22. Qxc4 Ng4 23. Qe2 f5 24. exf6 Nxf6 25. f5 Kh8 26. fxg6 Nxd5 27. Qh5 h6 28.
Bxh6 Nf6 29. Rxf6 Rf8 30. Be3+ 1-0

[Event "10th Edmonton International Qualifier"]
[Site "Edmonton"]
[Date "2015.05.03"]
[Round "4.7"]
[White "Koperski, Dustin"]
[Black "Briones, Dante"]
[Result "1/2-1/2"]
[WhiteElo "1637"]
[BlackElo "2004"]
[PlyCount "100"]
[EventDate "2015.05.02"]
[EventType "swiss"]
[EventRounds "5"]
[EventCountry "CAN"]

1. e4 c5 2. d4 cxd4 3. c3 d3 4. Bxd3 d6 5. c4 Nc6 6. Be3 e6 7. Nc3 Bd7 8. Nf3
Nf6 9. O-O Be7 10. a3 O-O 11. b4 Ng4 12. Bc1 Rc8 13. h3 Nge5 14. Nxe5 Nxe5 15.
Qe2 Qc7 16. Nb5 Bxb5 17. cxb5 Qc3 18. Bb1 Bf6 19. Bb2 Qxb2 20. Qxb2 Nf3+ 21.
gxf3 Bxb2 22. Ra2 Be5 23. Rc2 Bf4 24. Ra2 Rc3 25. Kg2 Rfc8 26. Rd1 Be5 27. Rdd2
g5 28. Rdc2 Kg7 29. Rxc3 Rxc3 30. Bc2 Kf6 31. a4 Rc4 32. b6 axb6 33. b5 Rc3 34.
Bd1 h6 35. a5 bxa5 36. Rxa5 Rc1 37. Be2 Rc2 38. Kf1 Rc1+ 39. Kg2 Bd4 40. Ra2
Ke5 41. Rd2 Bc5 42. Ra2 Rb1 43. Rd2 Bb4 44. Rc2 Re1 45. Rb2 Bc3 46. Rc2 Kd4 47.
Bf1 f5 48. exf5 exf5 49. Re2 Rxe2 50. Bxe2 Bd2 1/2-1/2

[Event "10th Edmonton International Qualifier"]
[Site "Edmonton"]
[Date "2015.05.03"]
[Round "4.8"]
[White "Zeggelaar, Mike"]
[Black "Yao, David"]
[Result "1-0"]
[WhiteElo "1591"]
[BlackElo "1892"]
[PlyCount "53"]
[EventDate "2015.05.02"]
[EventType "swiss"]
[EventRounds "5"]
[EventCountry "CAN"]

1. Nf3 Nf6 2. d3 d5 3. g3 c5 4. Bg2 Nc6 5. O-O e5 6. Bg5 Be7 7. Nbd2 h6 8. Bxf6
Bxf6 9. e4 d4 10. a4 Be6 11. Ne1 Qd7 12. c4 Bh3 13. Nb3 b6 14. a5 O-O 15. Bxh3
Qxh3 16. Qf3 Be7 17. axb6 axb6 18. Nc2 Qd7 19. Rxa8 Rxa8 20. Ra1 Rxa1+ 21.
Nbxa1 g6 22. Qe2 Qa7 23. Na3 Qa4 24. Qc2 Qa5 25. Qe2 Bg5 26. Kg2 Bc1 27. Nb3
1-0

[Event "10th Edmonton International Qualifier"]
[Site "Edmonton"]
[Date "2015.05.03"]
[Round "4.11"]
[White "Taranik, Nikita"]
[Black "Macdonald, Dean"]
[Result "0-1"]
[WhiteElo "1029"]
[BlackElo "1428"]
[PlyCount "68"]
[EventDate "2015.05.02"]
[EventType "swiss"]
[EventRounds "5"]
[EventCountry "CAN"]

1. e4 c5 2. Nf3 Nc6 3. d4 cxd4 4. Nxd4 g6 5. Nc3 e5 6. Nxc6 bxc6 7. Bc4 Bg7 8.
O-O Nf6 9. Bg5 O-O 10. Qd2 Bb7 11. f4 Qc7 12. fxe5 Qxe5 13. Bxf6 Bxf6 14. Qxd7
Rab8 15. Rae1 Qc5+ 16. Kh1 Bxc3 17. Bxf7+ Kh8 18. bxc3 Qxc3 19. Bb3 Ba6 20.
Rxf8+ Rxf8 21. Rd1 Qf6 22. h3 Be2 23. Re1 Qf2 24. Rxe2 Qf1+ 25. Kh2 Qf6 26.
Qxa7 Qe5+ 27. Kg1 Qa1+ 28. Kh2 Qe5+ 29. g3 Rf1 30. Qa8+ Kg7 31. Qg8+ Kh6 32.
Qc4 Qa1 33. Qc5 Rh1+ 34. Kg2 Qf1# 0-1

[Event "10th Edmonton International Qualifier"]
[Site "Edmonton"]
[Date "2015.05.03"]
[Round "4.12"]
[White "Morrick, James"]
[Black "Seehagen, Terry"]
[Result "0-1"]
[WhiteElo "1515"]
[BlackElo "1738"]
[PlyCount "44"]
[EventDate "2015.05.02"]
[EventType "swiss"]
[EventRounds "5"]
[EventCountry "CAN"]

1. e4 d5 2. exd5 Nf6 3. Nf3 Nxd5 4. c4 Nb4 5. Qb3 N8c6 6. a3 Na6 7. Qc3 Nc5 8.
d3 Bf5 9. d4 Ne4 10. Qe3 e5 11. b4 exd4 12. Qf4 Qf6 13. g4 Bg6 14. Qxf6 Nxf6
15. b5 Na5 16. Nxd4 Bc5 17. Bb2 O-O-O 18. Nf3 Rhe8+ 19. Be2 Nxg4 20. Nbd2 Bxf2+
21. Kd1 Nb3 22. Ra2 Ne3# 0-1

[Event "10th Edmonton International Qualifier"]
[Site "Edmonton"]
[Date "2015.05.03"]
[Round "5.1"]
[White "Gardner, Robert"]
[Black "Haynes, Nicolas"]
[Result "1-0"]
[WhiteElo "2239"]
[BlackElo "2277"]
[PlyCount "65"]
[EventDate "2015.05.02"]
[EventType "swiss"]
[EventRounds "5"]
[EventCountry "CAN"]

1. d4 Nf6 2. c4 d6 3. Nc3 e5 4. d5 Be7 5. e4 c6 6. Nge2 a6 7. f3 O-O 8. g4 b5
9. Ng3 Bb7 10. Nf5 bxc4 11. Bxc4 cxd5 12. Nxd5 Nxd5 13. Bxd5 Bxd5 14. Qxd5 Nd7
15. Be3 Rb8 16. O-O-O Bg5 17. Bxg5 Qxg5+ 18. Qd2 Qxd2+ 19. Rxd2 g6 20. Nxd6 Nc5
21. Rd5 Na4 22. b3 Nc3 23. Ra5 Nb5 24. Rxa6 Nd4 25. Rf1 Rfd8 26. Kb2 Rd7 27.
Nc4 Rc7 28. Kc3 Nb5+ 29. Kd3 Rd8+ 30. Ke3 Nd4 31. Rf2 Nc6 32. Rd2 Nd4 33. g5
1-0

[Event "10th Edmonton International Qualifier"]
[Site "Edmonton"]
[Date "2015.05.03"]
[Round "5.2"]
[White "Nguyen, Kim"]
[Black "Ng, Gary"]
[Result "1/2-1/2"]
[WhiteElo "2212"]
[BlackElo "2319"]
[PlyCount "147"]
[EventDate "2015.05.02"]
[EventType "swiss"]
[EventRounds "5"]
[EventCountry "CAN"]

1. Nf3 Nf6 2. g3 b5 3. Bg2 Bb7 4. d4 e6 5. O-O Be7 6. Re1 O-O 7. b3 c5 8. Na3
b4 9. Nc4 d5 10. Nce5 Ne4 11. dxc5 Bxc5 12. Nd3 Be7 13. Bb2 Nd7 14. a3 a5 15.
axb4 axb4 16. Rxa8 Bxa8 17. Qa1 f6 18. Qa7 e5 19. Bh3 Bc6 20. Ra1 Kh8 21. Bxd7
Bxd7 22. Qb7 Bc8 23. Qc6 Bh3 24. Qb5 Qd6 25. Ra6 Rb8 26. Rxd6 Rxb5 27. Ra6 Kg8
28. Ra7 Kf8 29. Ra8+ Kf7 30. Rh8 h6 31. Ra8 Bd6 32. Ra7+ Kg8 33. Nfe1 d4 34.
Ra6 Be7 35. f3 Nd2 36. Nf2 Bf5 37. Ra1 e4 38. Bxd4 Bc5 39. Ra8+ Kh7 40. Rd8 Be7
41. Ra8 exf3 42. exf3 Nb1 43. g4 Bg6 44. Rc8 Rd5 45. Be3 Na3 46. Kf1 Rd7 47.
Nh3 Bd6 48. Nf4 Bf7 49. h4 Nb5 50. Nfd3 h5 51. Bc5 Bg3 52. Bxb4 Bxh4 53. Ng2
Bg3 54. Be1 Bd6 55. Bf2 hxg4 56. fxg4 Be6 57. Nc5 Bxc5 58. Rxc5 Nd4 59. Ne3 Nf3
60. Kg2 Ne5 61. g5 Kg6 62. gxf6 gxf6 63. Ra5 Rb7 64. Nd5 Kf7 65. Rc5 Nd7 66.
Ra5 Bf5 67. Ne3 Be6 68. Ra3 Ne5 69. Kf1 Nc6 70. Ke2 Nd4+ 71. Kd3 Nxb3 72. cxb3
Rxb3+ 73. Rxb3 Bxb3 74. Ke4 1/2-1/2